01327cam a22002657a 450000100100000000500170001000800410002704000250006808200190009310000330011224502360014526000380038130000390041950000510045865000290050965000200053865000200055865000200057861100680059874001260066671000990079270000330089195201220092499900150104600000128020250916134336.0690213s1968 nyuab 001 0 eng  aDO-SdBNPbspacBNPHU a303.623bW177r1 aWalker, Daniel,d1922-9433710aRights in conflict :bthe violent confrontation of demonstrators and police in the parks and streets of Chicago during the week of the Democratic National Convention of 1968. A report /cDaniel Walker ; introducción, Max Frankel. aNew York :bBantman Books,c1968. axx, 362 p. :bil., mapas ;c18 cm. aComunmente conocido como el informe de Walker. 4aSedición milital94338 4aConflicto94339 0aViolencia91750 4aPolicía9434024aCONVENCIÓN NACIONAL DEMÓCRATAd(1968cCHICAGO, ILLl.)943410 aWalker informe sobre los violentos enfrentamientos de manifestantes y la policía en los parques y las calles de Chicago1 aEstados Unidos.bComisión Nacional sobre las Causas y la Prevención de la Violencia.943421 aFrankel, Max,eIntrod.94343 001052708MOaGRbGRcCTd2009-08-29iLF1l0o303.623 W177rp1280-10r2020-06-25w2020-06-25y2ZPréstamo interno c1223d1223